<?xml version="1.0" encoding="UTF-8"?>
<record
    xmlns:xsi="http://www.w3.org/2001/XMLSchema-instance"
    xsi:schemaLocation="http://www.loc.gov/MARC21/slim http://www.loc.gov/standards/marcxml/schema/MARC21slim.xsd"
    xmlns="http://www.loc.gov/MARC21/slim">

  <leader>02831nam a2200241Ia 4500</leader>
  <controlfield tag="003">OSt</controlfield>
  <controlfield tag="005">20251104144943.0</controlfield>
  <controlfield tag="008">210210b2002   xxu||||| |||| 00| 0 eng d</controlfield>
  <datafield tag="020" ind1=" " ind2=" ">
    <subfield code="a">81 7713 116 8</subfield>
  </datafield>
  <datafield tag="040" ind1=" " ind2=" ">
    <subfield code="c">AL</subfield>
  </datafield>
  <datafield tag="041" ind1=" " ind2=" ">
    <subfield code="a">Kannada</subfield>
  </datafield>
  <datafield tag="082" ind1=" " ind2=" ">
    <subfield code="a">954.2K SINM</subfield>
  </datafield>
  <datafield tag="100" ind1=" " ind2=" ">
    <subfield code="a">SINHA (C P N).</subfield>
    <subfield code="d">&#xCB8;&#xCBF;&#xCA8;&#xCCD;&#xCB9;&#xCBE; (&#xCB8;&#xCBF; &#xCAA;&#xCBF; &#xC8E;&#xCA8;&#xCCD;) </subfield>
    <subfield code="9">243817</subfield>
  </datafield>
  <datafield tag="245" ind1=" " ind2=" ">
    <subfield code="a">Mithileyannalida karnatakaru.</subfield>
    <subfield code="b">&#xCAE;&#xCBF;&#xCA5;&#xCBF;&#xCB2;&#xCC6;&#xCAF;&#xCA8;&#xCCD;&#xCA8;&#xCBE;&#xCB3;&#xCBF;&#xCA6; &#xC95;&#xCB0;&#xCCD;&#xCA8;&#xCBE;&#xC9F;&#xCB0;&#xCC1;</subfield>
  </datafield>
  <datafield tag="260" ind1=" " ind2=" ">
    <subfield code="a">Bengaluru</subfield>
    <subfield code="b">Kannada Pustaka  Pradhikara</subfield>
    <subfield code="c">2002</subfield>
  </datafield>
  <datafield tag="300" ind1=" " ind2=" ">
    <subfield code="a">xii,180</subfield>
  </datafield>
  <datafield tag="520" ind1=" " ind2=" ">
    <subfield code="a">&#xCAE;&#xCBF;&#xCA5;&#xCBF;&#xCB2;&#xCC6;&#xCAF;&#xCA8;&#xCCD;&#xCA8;&#xCBE;&#xCB3;&#xCBF;&#xCA6; &#xC95;&#xCB0;&#xCCD;&#xCA8;&#xCBE;&#xC9F;&#xC95;&#xCB0;&#xCC1;- &#xCAA;&#xCC1;&#xCB8;&#xCCD;&#xCA4;&#xC95;&#xCB5;&#xCC1; &#xC95;&#xCCD;&#xCB0;&#xCBF;.&#xCB6;. 1097 &#xCAE;&#xCA4;&#xCCD;&#xCA4;&#xCC1; 1325&#xCB0; &#xCAE;&#xCA7;&#xCCD;&#xCAF;&#xCC6; &#xC95;&#xCB0;&#xCCD;&#xCA8;&#xCBE;&#xC9F;&#xC95;&#xCB0;&#xCC1; &#xC86;&#xCB3;&#xCBF;&#xCA6; &#xCAE;&#xCBF;&#xCA5;&#xCBF;&#xCB2;&#xCC6;&#xCAF; &#xCB0;&#xCBE;&#xC9C;&#xC95;&#xCC0;&#xCAF;, &#xC86;&#xCA1;&#xCB3;&#xCBF;&#xCA4;&#xCBE;&#xCA4;&#xCCD;&#xCAE;&#xC95;, &#xCB8;&#xCBE;&#xCAE;&#xCBE;&#xC9C;&#xCBF;&#xC95;, &#xC86;&#xCB0;&#xCCD;&#xCA5;&#xCBF;&#xC95; &#xCAE;&#xCA4;&#xCCD;&#xCA4;&#xCC1; &#xCB8;&#xCBE;&#xC82;&#xCB8;&#xCCD;&#xC95;&#xCC3;&#xCA4;&#xCBF;&#xC95; &#xC87;&#xCA4;&#xCBF;&#xCB9;&#xCBE;&#xCB8;&#xCA6; &#xCAA;&#xCCD;&#xCB0;&#xCAE;&#xCC1;&#xC96; &#xCB2;&#xC95;&#xCCD;&#xCB7;&#xCA3;&#xC97;&#xCB3;&#xCBF;&#xC97;&#xCC6; &#xCAA;&#xCCD;&#xCB0;&#xCBE;&#xCB6;&#xCB8;&#xCCD;&#xCA4;&#xCCD;&#xCAF; &#xCA8;&#xCC0;&#xCA1;&#xCC1;&#xCA4;&#xCCD;&#xCA4;&#xCA6;&#xCC6;.

&#xC88; &#xC95;&#xCBE;&#xCB2;&#xC98;&#xC9F;&#xCCD;&#xC9F;&#xCB5;&#xCC1; &#xCAE;&#xCBF;&#xCA5;&#xCBF;&#xCB2;&#xCC6;&#xCAF; &#xC87;&#xCA4;&#xCBF;&#xCB9;&#xCBE;&#xCB8;&#xCB5;&#xCA8;&#xCCD;&#xCA8;&#xCC1; &#xCB0;&#xCC2;&#xCAA;&#xCBF;&#xCB8;&#xCBF;&#xCA4;&#xCC6;&#xC82;&#xCA6;&#xCC1; &#xCAA;&#xCB0;&#xCBF;&#xC97;&#xCA3;&#xCBF;&#xCB8;&#xCB2;&#xCBE;&#xC97;&#xCBF;&#xCA6;&#xCC6;. &#xC8F;&#xC95;&#xCC6;&#xC82;&#xCA6;&#xCB0;&#xCC6;, &#xCA4;&#xCAE;&#xCCD;&#xCAE; &#xCB9;&#xCBF;&#xC82;&#xCA6;&#xCBF;&#xCA8; &#xC95;&#xCBE;&#xCB2;&#xC98;&#xC9F;&#xCCD;&#xC9F;&#xCA6; &#xC9C;&#xCA8;&#xC95;&#xCB0;&#xC82;&#xCA4;&#xCC6;&#xCAF;&#xCC6; &#xC95;&#xCB0;&#xCCD;&#xCA8;&#xCBE;&#xC9F;&#xCB0;&#xCC2; &#xCAE;&#xCBF;&#xCA5;&#xCBF;&#xCB2;&#xCC6;&#xCAF;&#xCA8;&#xCCD;&#xCA8;&#xCC1; &#xCAD;&#xCBE;&#xCB0;&#xCA4;&#xCA6;, &#xCB5;&#xCBF;&#xCB6;&#xCC7;&#xCB7;&#xCA4;&#xC83; &#xC89;&#xCA4;&#xCCD;&#xCA4;&#xCB0; &#xCAD;&#xCBE;&#xCB0;&#xCA4;&#xCA6; &#xCAD;&#xCBF;&#xCA4;&#xCCD;&#xCA4;&#xCBF;&#xCAF; &#xCAE;&#xCC7;&#xCB2;&#xCC6; &#xCA4;&#xC82;&#xCA6;&#xCB5;&#xCB0;&#xCC1;. &#xC87;&#xCA6;&#xCC1; &#xC95;&#xCB0;&#xCCD;&#xCA8;&#xCBE;&#xC9F;&#xCB0;&#xCA8;&#xCCD;&#xCA8;&#xCC1; &#xC95;&#xCC1;&#xCB0;&#xCBF;&#xCA4;&#xCC1; &#xCAA;&#xCCD;&#xCB0;&#xCA4;&#xCCD;&#xCAF;&#xCC7;&#xC95;&#xCB5;&#xCBE;&#xC97;&#xCBF; &#xCAC;&#xCB0;&#xCC6;&#xCA6; &#xCAE;&#xCCA;&#xCA6;&#xCB2; &#xC95;&#xCC3;&#xCA4;&#xCBF;.

&#xCAE;&#xCC1;&#xC96;&#xCCD;&#xCAF;&#xCB5;&#xCBE;&#xC97;&#xCBF; &#xC95;&#xCCD;&#xCB0;&#xCBF;.&#xCB6;. 1097&#xCB5;&#xCB0;&#xCC6;&#xC97;&#xCBF;&#xCA8; &#xCAE;&#xCBF;&#xCA5;&#xCBF;&#xCB2;&#xCBE; &#xC87;&#xCA4;&#xCBF;&#xCB9;&#xCBE;&#xCB8;&#xCA6; &#xCB8;&#xC82;&#xC95;&#xCCD;&#xCB7;&#xCBF;&#xCAA;&#xCCD;&#xCA4; &#xC85;&#xCB5;&#xCB2;&#xCCB;&#xC95;&#xCA8;, &#xCAE;&#xCBF;&#xCA5;&#xCBF;&#xCB2;&#xCC6;&#xCAF; &#xC95;&#xCB0;&#xCCD;&#xCA8;&#xCBE;&#xC9F; &#xCAE;&#xCC2;&#xCB2;, &#xCA8;&#xCBE;&#xCA8;&#xCCD;&#xCAF;&#xCA6;&#xCC7;&#xCB5;&#xCA8; &#xC9C;&#xCC0;&#xCB5;&#xCA8;, &#xCB8;&#xCBE;&#xCA7;&#xCA8;&#xCC6;, &#xCA8;&#xCBE;&#xCA8;&#xCCD;&#xCAF;&#xCA6;&#xCC7;&#xCB5;&#xCA8; &#xC89;&#xCA4;&#xCCD;&#xCA4;&#xCB0;&#xCBE;&#xCA7;&#xCBF;&#xC95;&#xCBE;&#xCB0;&#xCBF;&#xC97;&#xCB3;&#xCC1;, &#xCAE;&#xCBF;&#xCA5;&#xCBF;&#xCB2;&#xCC6;&#xCAF; &#xCB0;&#xCBE;&#xC9C;&#xC95;&#xCC0;&#xCAF; &#xC87;&#xCA4;&#xCBF;&#xCB9;&#xCBE;&#xCB8;, &#xCB9;&#xCB0;&#xCBF;&#xCB8;&#xCBF;&#xC82;&#xCB9;&#xCA6;&#xCC7;&#xCB5;&#xCA8; &#xC9C;&#xCC0;&#xCB5;&#xCA8;, &#xCB8;&#xCBE;&#xCA7;&#xCA8;&#xCC6;&#xC97;&#xCB3;&#xCC1;, &#xC95;&#xCCD;&#xCB0;&#xCBF;.&#xCB6;. 1325&#xCB0;&#xCB5;&#xCB0;&#xCC6;&#xC97;&#xCBF;&#xCA8; &#xCAE;&#xCBF;&#xCA5;&#xCBF;&#xCB2;&#xCC6;&#xCAF;&#xCB2;&#xCCD;&#xCB2;&#xCBF; &#xCAE;&#xCC1;&#xCB8;&#xCCD;&#xCB2;&#xCBF;&#xCAE; &#xCAA;&#xCCD;&#xCB0;&#xCAD;&#xCC1;&#xCA4;&#xCCD;&#xCB5; &#xCB5;&#xCBF;&#xCB8;&#xCCD;&#xCA4;&#xCB0;&#xCA3;&#xCC6;, &#xC95;&#xCB0;&#xCCD;&#xCA8;&#xCBE;&#xC9F;&#xCB0; &#xC85;&#xCB5;&#xCA8;&#xCA4;&#xCBF; &#xC95;&#xCC1;&#xCB0;&#xCBF;&#xCA4;&#xCC1; &#xCB5;&#xCBF;&#xCB5;&#xCB0;&#xCBF;&#xCB8;&#xCBF;&#xCA6;&#xCCD;&#xCA6;&#xCBE;&#xCB0;&#xCC6;. &#xCB8;&#xCBF;.&#xCAA;&#xCBF;.&#xC8E;&#xCA8;&#xCCD;&#x200C;. &#xCB8;&#xCBF;&#xCA8;&#xCCD;&#xCB9;&#xCBE; &#xC85;&#xCB5;&#xCB0;&#xCC1; &#xCB0;&#xC9A;&#xCBF;&#xCB8;&#xCBF;&#xCA6; &#xC88; &#xC95;&#xCC3;&#xCA4;&#xCBF;&#xCAF;&#xCA8;&#xCCD;&#xCA8;&#xCC1; &#xCB8;&#xCA6;&#xCBE;&#xCA8;&#xC82;&#xCA6; &#xC95;&#xCA8;&#xCB5;&#xCB3;&#xCCD;&#xCB3;&#xCBF; &#xC85;&#xCB5;&#xCB0;&#xCC1; &#xC95;&#xCA8;&#xCCD;&#xCA8;&#xCA1;&#xC95;&#xCCD;&#xC95;&#xCC6; &#xC85;&#xCA8;&#xCC1;&#xCB5;&#xCBE;&#xCA6;&#xCBF;&#xCB8;&#xCBF;&#xCA6;&#xCCD;&#xCA6;&#xCBE;&#xCB0;&#xCC6;.</subfield>
  </datafield>
  <datafield tag="650" ind1=" " ind2=" ">
    <subfield code="a">Mithila</subfield>
    <subfield code="9">243818</subfield>
  </datafield>
  <datafield tag="690" ind1=" " ind2=" ">
    <subfield code="a">Indian History</subfield>
    <subfield code="9">243819</subfield>
  </datafield>
  <datafield tag="700" ind1=" " ind2=" ">
    <subfield code="a">Sadananda Kanavalli</subfield>
    <subfield code="d">&#xCB8;&#xCA6;&#xCBE;&#xCA8;&#xC82;&#xCA6; &#xC95;&#xCA8;&#xCB5;&#xCB3;&#xCCD;&#xCB3;&#xCBF; tr</subfield>
    <subfield code="9">243820</subfield>
  </datafield>
  <datafield tag="906" ind1=" " ind2=" ">
    <subfield code="a">SG04034</subfield>
  </datafield>
  <datafield tag="942" ind1=" " ind2=" ">
    <subfield code="2">ddc</subfield>
    <subfield code="c">BK</subfield>
  </datafield>
  <datafield tag="999" ind1=" " ind2=" ">
    <subfield code="c">114804</subfield>
    <subfield code="d">114804</subfield>
  </datafield>
  <datafield tag="952" ind1=" " ind2=" ">
    <subfield code="0">0</subfield>
    <subfield code="1">0</subfield>
    <subfield code="2">ddc</subfield>
    <subfield code="4">0</subfield>
    <subfield code="7">0</subfield>
    <subfield code="8">HIS</subfield>
    <subfield code="a">AL</subfield>
    <subfield code="b">AL</subfield>
    <subfield code="c">History</subfield>
    <subfield code="d">2021-02-17</subfield>
    <subfield code="e">Kannada Pustaka Pradikara, Bengaluru.</subfield>
    <subfield code="g">100.00</subfield>
    <subfield code="l">0</subfield>
    <subfield code="o">954.2K SINM</subfield>
    <subfield code="p">SG04034</subfield>
    <subfield code="r">2021-02-17 00:00:00</subfield>
    <subfield code="w">2021-02-17</subfield>
    <subfield code="y">SG</subfield>
  </datafield>
</record>
